Health status and health policy : (رقم التسجيلة. 31556)
[ عرض عادي ]
| 000 -الفاتح | |
|---|---|
| حقل البيانات ثابتة الطول | 01724pam a2200421 a 4500 |
| 001 - رقم الضبط | |
| رقم الضبط | 4394463 |
| 003 - محدد رقم الضبط | |
| رقم الضبط | OSt |
| 005 - وقت وتاريخ اخر تعامل مع التسجيلة | |
| رقم الضبط | 20150408114145.0 |
| 008 - عناصر البيانات ثابتة الطول - معلومات عامة | |
| حقل البيانات ثابتة الطول | 920214s1993 nyua b 001 0 eng c |
| 010 ## - رقم ضبط مكتبة الكونجرس | |
| رقم ضبط مكتبة الكونجرس | 92006173 |
| 020 ## - الرقم الدولى المعيارى للكتب | |
| الرقم الدولى المعيارى للكتاب | 0195050274 (alk. paper) |
| 040 ## - مصدر الفهرسة | |
| وكالة الفهرسة الأصلية | DNLM/DLC |
| وكالة النسخ | DLC |
| وكالة التعديل | DLC |
| 043 ## - رمز المنطقة الجغرافية | |
| رمز المنطقة الجغرافية | n-us--- |
| 050 00 - رقم طلب مكتبة الكونجرس | |
| رقم التصنيف | RA395.A3 |
| رقم المادة | P298 1993 |
| 060 ## - رقم الطلب بالمكتبة الطبية الوطنية | |
| رقم التصنيف | W 74 P314h |
| 082 00 - رقم تصنيف ديوى العشرى | |
| رقم التصنيف | 362.10973 |
| رقم الطبعة | 20 |
| رقم المادة | PDH |
| 100 1# - المدخل الرئيسى - إسم شخصى | |
| الإسم الشخصى | Patrick, Donald L. |
| 9 (RLIN) | 38535 |
| 245 10 - بيان العنوان | |
| العنوان | Health status and health policy : |
| بقية العنوان | quality of life in health care evaluation and resource allocation / |
| بيان المسئوليه,etc | Donald L. Patrick, Pennifer Erickson. |
| 260 ## - PUBLICATION, DISTRIBUTION, ETC. (IMPRINT) | |
| مكان الناشر او الموزع | New York : |
| اسم الناشر او الموزع | Oxford University Press, |
| تاريخ النشر أو التوزيع | 1993. |
| 300 ## - الوصف المادى | |
| التعداد | xxv, 478 p. : |
| تفاصيل ماديه اخرى للوعاء | ill. ; |
| أبعاد الوعاء | 25 cm. |
| 504 ## - تبصرة ببليوجرافية | |
| تبصرة ببليوجرافية,الخ | Includes bibliographical references (p. [429]-461) and indexes. |
| 650 #0 - المدخل الاضافى بالموضوع-مصطلح موضوعى | |
| مصطلح موضوعي أو اسم جغرافي كعنصر مدخل | Medical policy |
| التقسيم الفرعي الجغرافي | United States. |
| 9 (RLIN) | 9785 |
| 650 #0 - المدخل الاضافى بالموضوع-مصطلح موضوعى | |
| مصطلح موضوعي أو اسم جغرافي كعنصر مدخل | Medical care |
| التقسيم الفرعي الجغرافي | United States |
| التقسيم الفرعي العام | Evaluation. |
| 9 (RLIN) | 38536 |
| 650 #0 - المدخل الاضافى بالموضوع-مصطلح موضوعى | |
| مصطلح موضوعي أو اسم جغرافي كعنصر مدخل | Quality of life. |
| 9 (RLIN) | 5701 |
| 650 #0 - المدخل الاضافى بالموضوع-مصطلح موضوعى | |
| مصطلح موضوعي أو اسم جغرافي كعنصر مدخل | Medical care, Cost of |
| التقسيم الفرعي الجغرافي | United States. |
| 9 (RLIN) | 38537 |
| 650 #2 - المدخل الاضافى بالموضوع-مصطلح موضوعى | |
| مصطلح موضوعي أو اسم جغرافي كعنصر مدخل | Cost-Benefit Analysis |
| التقسيم الفرعي العام | methods. |
| 9 (RLIN) | 38538 |
| 650 #2 - المدخل الاضافى بالموضوع-مصطلح موضوعى | |
| مصطلح موضوعي أو اسم جغرافي كعنصر مدخل | Health Expenditures |
| التقسيم الفرعي الجغرافي | United States. |
| 9 (RLIN) | 38539 |
| 650 #2 - المدخل الاضافى بالموضوع-مصطلح موضوعى | |
| مصطلح موضوعي أو اسم جغرافي كعنصر مدخل | Health Policy |
| التقسيم الفرعي العام | economics |
| التقسيم الفرعي الجغرافي | United States. |
| 9 (RLIN) | 38540 |
| 650 #2 - المدخل الاضافى بالموضوع-مصطلح موضوعى | |
| مصطلح موضوعي أو اسم جغرافي كعنصر مدخل | Health Resources |
| التقسيم الفرعي العام | economics |
| التقسيم الفرعي الجغرافي | United States. |
| 9 (RLIN) | 38541 |
| 650 #2 - المدخل الاضافى بالموضوع-مصطلح موضوعى | |
| مصطلح موضوعي أو اسم جغرافي كعنصر مدخل | Health Status |
| التقسيم الفرعي الجغرافي | United States. |
| 9 (RLIN) | 38542 |
| 650 #2 - المدخل الاضافى بالموضوع-مصطلح موضوعى | |
| مصطلح موضوعي أو اسم جغرافي كعنصر مدخل | Quality of Life |
| التقسيم الفرعي الجغرافي | United States. |
| 9 (RLIN) | 38543 |
| 700 1# - المدخل الاضافى - اسم شخصى | |
| الإسم الشخصى | Erickson, Pennifer. |
| 9 (RLIN) | 38544 |
| 856 42 - الوصول و الموقع الالكترونى | |
| مواد محددة | Publisher description |
| معرف المصدر الموحد | <a href="http://www.loc.gov/catdir/enhancements/fy0605/92006173-d.html">http://www.loc.gov/catdir/enhancements/fy0605/92006173-d.html</a> |
| 856 41 - الوصول و الموقع الالكترونى | |
| مواد محددة | Table of contents only |
| معرف المصدر الموحد | <a href="http://www.loc.gov/catdir/enhancements/fy0605/92006173-t.html">http://www.loc.gov/catdir/enhancements/fy0605/92006173-t.html</a> |
| 906 ## - عنصر بيانات محلى F, LDF (RLIN) | |
| a | 7 |
| b | cbc |
| c | orignew |
| d | 1 |
| e | ocip |
| f | 19 |
| g | y-gencatlg |
| 942 ## - عناصر المدخل الإضافي( كوها) | |
| مصدر التصنيف او مخطط الترفيف | Dewey Decimal Classification |
| Koha [default] item type | كتاب |
| حالة الفقد | نموذج السعر الفعال | حالة تلف | ليس للاعارة | رقم الطلب | تاريخ الاكتساب | الموقع الحالي | الباركود | الفرع الرئيسي | Date last seen | نوع المادة فى نظام كوها | مصدر التصنيف او خطة الترفيف | Total Checkouts |
|---|---|---|---|---|---|---|---|---|---|---|---|---|
| 2013-10-29 | 362.10973 PDH | 2013-10-29 | المكتبة المركزية بالمجمعة (CL) | 00402530 | المكتبة المركزية بالمجمعة (CL) | 2013-10-29 | كتاب | Dewey Decimal Classification | ||||
| 2013-10-29 | 362.10973 PDH | 2013-10-29 | المكتبة المركزية بالمجمعة (CL) | 00402531 | المكتبة المركزية بالمجمعة (CL) | 2013-10-29 | كتاب | Dewey Decimal Classification | ||||
| 2013-10-29 | 362.10973 PDH | 2013-10-29 | المكتبة المركزية بالمجمعة (CL) | 00402532 | المكتبة المركزية بالمجمعة (CL) | 2013-10-29 | كتاب | Dewey Decimal Classification | ||||
| 2013-10-29 | 362.10973 PDH | 2013-10-29 | مكتبة مجمع الكليات بالزلفى - طلاب (SZM) | 00402533 | مكتبة مجمع الكليات بالزلفى - طلاب (SZM) | 2013-10-29 | كتاب | Dewey Decimal Classification | ||||
| 2013-10-29 | 362.10973 PDH | 2013-10-29 | مكتبة مجمع الكليات بالزلفى - طلاب (SZM) | 00402534 | مكتبة مجمع الكليات بالزلفى - طلاب (SZM) | 2013-10-29 | كتاب | Dewey Decimal Classification |
